Forty Years of Diplomacy (Titelsatznr. 46208)
[ MARC ]
| 000 -Satzkennung | |
|---|---|
| Kontrollfeld mit fester Länge | 00399nac a22001691ca4500 |
| 001 - Kontrollnummer | |
| Kontrollfeld | a02386 |
| 008 - Feld mit fester Länge zur physischen Beschreibung - Allgemeine Angaben | |
| Kontrollfeld mit fester Länge | 170707s1922 gw |||| 000u eng d |
| 041 ## - Sprachcode | |
| Sprachcode des Textes/der Tonspur oder des separaten Titels | eng |
| 040 ## - Katalogisierungsquelle | |
| Übertragungsstelle | RU-10907106 |
| 003 - Kontrollnummer Identifier | |
| Kontrollfeld | RU-10907106 |
| 100 1# - Haupteintragung - Personenname | |
| Personenname | Rosen, Baron |
| 245 00 - Titel | |
| Titel | Forty Years of Diplomacy |
| 264 ## - Produktion, Veröffentlichung, Distribution, Herstellung und Urheberrechtsvermerk | |
| Herstellungs-, Veröffentlichungs- Vertriebs-, Erzeugungsort | London : |
| Produzent, Herausgeber, Distributor, Hersteller | George Allen & Unwin, |
| Datum der Herstellung, der Veröffentlichung, des Vertriebs oder des Urheberschutzvermerks | 1922 |
| 300 ## - Physische Beschreibung | |
| Umfang | 2 Bände, 315, 309 S. |
| 942 ## - Zusätzliche Felder (Koha) | |
| Koha-Medientyp | Monographien |
| Ausgeschieden | Verloren | Beschädigt | Nicht entleihbar | Heimatbibliothek | Aufenthaltsbibliothek | Aufstellungsort | Erwerbungsdatum | Inventarnummer | Signatur | Barcode | Letzte Aktivität | Preis gültig von | Koha-Medientyp |
|---|---|---|---|---|---|---|---|---|---|---|---|---|---|
| MWN Osteuropa | MWN Osteuropa | Lesesaal - 1 | 07/07/2017 | 05-02791 | W 54 D c Ros 1 (Bde.) | 46218 | 22/02/2021 | 22/03/2021 | Monographien |